000 00823nam a22002297a 4500
003 SISC
005 20180131090805.0
008 180130b xxu||||| |||| 00| 0 eng d
020 _a9789715085601
050 _aPN 6790 .P64
_b.M65 2015 v.1
100 _aMolina, Russell
_eauthor
245 _aSixty six /
_c[kuwento ni] Russell Molina ; [guhit ni] Ian Sta. Maria
250 _a2nd edition
260 _aLungsod Quezon :
_bAdarna House, Inc.,
_cc2015.
300 _a142 pages :
_billustrations;
_c22 cm.
546 _aIn Tagalog
650 _2Library of Congress Subject Headings
_aSuperheroes
_vComic books, strips, etc.
_zPhilippines
650 _2Library of Congress Subject Headings
_aComic books, strips, etc.
_zPhilippines
700 _aSta. Maria, Ian
_eillustrator
942 _2lcc
_cBK
999 _c353652
_d353652